000 03511nab a2200277 i 4500
003 BR-BrBNA
005 20250328094450.0
008 250328b2016 bl.qr|pooa||| 00| 0 eng |
040 _aBR-BrBNA
_beng
072 _aF03
072 _aF62
100 _aRodrigues, João Fabrício Mota
100 _aOliveira, Sâmia Paiva de
245 _aCan tortoises facilitate the germination of plants with dry fruits? A simulation of the effects of Chelonoidis carbonarius (Testudines: Testudinidae) on the germination of Leucaena leucocephala (Fabaceae)
500 _aPublicação on-line; 32 ref.; 1 table; 2 illus.; Summaries (En, Pt)
520 _a Abstract Ingestion of seeds by vertebrates may influence seed germination and dispersion. However the mechanisms responsible by these effects and the importance of turtles in these interactions are still poorly understood. This study aims to evaluate how Chelonoidis carbonarius influences the germination process of Leucaena leucocephala using an experiment conducted at the Federal University of Ceará, Fortaleza-CE, Brazil, that simulates the passage of the seeds of this plant through the digestive tract of C. carbonarius: stomach acidic condition and seeds sown in feces. We demonstrated that sowing the seeds in feces of Chelonoidis carbonarius has a negative effect on the germination of Leucaena leucocephala, decreasing the germination speed index of the seeds, while the acidic conditions have a neutral one. This study is a first attempt to understand how turtles and tortoises may influence the seed germination, and the implications of these findings in natural environments deserve further investigations. Key words: acidic conditions, germination speed index, invasive species, simulation, turtles. Resumo A ingestão de sementes por vertebrados pode influenciar a germinação e a dispersão dessas sementes, porém pouco se sabe sobre os processos responsáveis por essa influência e sobre a importância dos quelônios nessas interações. Este estudo tem como objetivo avaliar como Chelonoidis carbonarius influencia o processo de germinação de Leucaena leucocephala usando um experimento conduzido na Universidade Federal do Ceará, Fortaleza-CE, Brasil, que simula a passagem das sementes dessa planta através do trato digestivo de C. carbonarius: condições ácidas do estômago do animal e a semeadura das sementes nas fezes. Foi demonstrado que a semeadura das sementes nas fezes de Chelonoidis carbonarius tem um efeito negativo sobre a germinação de Leucaena leucocephala, diminuindo o índice de velocidade de germinação das sementes, ao passo que as condições ácidas tem um efeito neutro. Este estudo é uma primeira tentativa de entender como os jabutis podem influenciar a germinação das sementes e as implicações destes resultados em ambientes naturais merecem mais investigações. Palavras-chave: condições ácidas, índice de velocidade de germinação, espécies invasoras, simulação, quelônios
650 _aGERMINAÇÃO
650 _aSEMENTE
650 _aERVA DANINHA
650 _aSIMULAÇÃO
650 _aJABUTI
773 0 _0709
_9349459
_dRio de Janeiro-RJ Jardim Botanico do Rio de Janeiro 1935
_o2025-1979
_tRodriguésia (Brazil)
_x0370-6583; 2175-7860 on-line
_gv. 67(3) p. 661-666; (2016)
_wBR2025000184
856 _uhttps://www.scielo.br/j/rod/a/g985c9nTRYzkkwzxZsVqv3z/?format=pdf&lang=en
942 _cANA
999 _c330720
_d330720